000 00725nam a2200217Ia 4500
003 GCL
005 20240530105006.0
008 140319s9999 xx 000 0 ara d
040 _aGCL /
_cGCL
082 0 4 _aق
_b347.02
_bم ق
100 1 _aمحمد نور فرحات
245 1 0 _aالقضاء الشرعى فى مصر فى العصر العثمانى /
_cمحمد نور فرحات
260 _a[S.N] :
_bالهيئة المصرية العامة للكتاب ،
_c1988
300 _a127 ص
490 _aتاريخ المصريين
_v17
650 0 4 _aمصر
650 0 4 _aتاريخ
650 0 4 _aالقضاء
650 0 4 _aالعالم العربى - تاريخ - العصر العثمانى
942 _2ddc
_cBK
999 _c52350
_d52350